000 01174cam a2200241 4500
001 WB3742-28
008 011107n2001 000 0 eng u
035 _a(Sirsi) u115518
245 _aNuisance
260 _c2001
490 _aEstates Gazette
_v[2001] 44 EG 150 (CS) (03/11/01)
520 _a"Delaware Mansions Ltd and Flecksun v Westminster CC" HL 5 October 2001. On appeal, HL upheld the CA's decision allowing F's claim for nuisance and negligence against W for failing to remove a tree whose roots were encroaching into nearby property which eventually required underpinning. W's appeal dismissed. Full copy of judgement available on http://www.parliament.the-stationery-office.co.uk/pa/ld200102/ldjudgmt/jd011025/dela-1.htm.
590 _aWB
650 _aDELAWARE MANSIONS LTD AND OTHERS V WESTMINSTER CITY COUNCIL
650 _aNUISANCE
650 _aTREE ROOTS
650 _aTITLE TO SUE
650 _aDAMAGE
650 _aDELAWARE MANSIONS AND FLECKSUN V WESTMINSTER CC
690 _aPROPERTY AND LAND LAW-CASE LAW
856 _uhttps://www.parliament.the-stationery-office.co.uk/pa/ld200102/ldjudgmt/jd011025/dela-1.htm
942 _n0
999 _c68804
_d68804